000 00540nam a22002177a 4500
003 LK-CoDNM
005 20250129111809.0
008 250129b |||||||| |||| 00| 0 eng d
040 _aLK-CoDNM
_dLK-CoDNM
_eLK-CoDNM
041 _aeng
080 _a13
_bO6
100 _aReinheimer, H.
245 _aSymbiosis
246 _aA Socio-Physiological Study of Evolution
260 _aDevonshire
_bHeadley Brothers
_c1920
300 _axii, 287p : 21 cm
650 _aScience
650 _aOrganisms
650 _aAnimals
942 _cBK
999 _c237597
_d237597